000 00471nam a2200193Ia 4500
999 _c30038
_d30038
003 0100
005 20180228155702.0
008 130303s9999 xx 000 0 und d
040 _cARRUPELIB
050 _aDT791.S514 1974
100 _aSillery, Anthony
_939885
245 _aBotswana:
_ba short political history /
260 _aLondon
_bMethuen and Company Limited
_c1974
300 _ax
300 _b 219p. 18cm.
440 _astudies in African History No. 8
_939886
650 _aBotswana
_xPolitics
_930996
942 _2lcc
_cMONOGRAPH